El desarrollo económico: análisis y política

Salvato in:
Dettagli Bibliografici
Autore principale: Barre, Raymond (Autore)
Natura: Libro
Lingua:spagnolo
Pubblicazione: Ciudad de México Fondo de Cultura Económica 1966
Edizione:3a. ed
Serie:Colección popular: tiempo presente, 37
Soggetti:
Tags: Aggiungi Tag
Nessun Tag, puoi essere il primo ad aggiungerne!!

MARC

LEADER 00000nam a2200000 a 4500
001 UCW9624
003 CL-VaPUC
008 890531e19660000MX |||||||||||||||||spa|d
082 0 4 |a 338.9  |b BAR  |2 21 
100 0 |a Barre, Raymond  |e author  |9 314955 
245 1 3 |a El desarrollo económico: análisis y política 
250 |a 3a. ed 
300 |a 173 p 
942 |c BK 
945 |d 19890531 00:00:00 
260 |a Ciudad de México  |b Fondo de Cultura Económica  |c 1966 
650 0 |a Desarrollo económico  |9 259599 
583 |a last modification  |c 19890531 00:00:00  |k Rodrigo Vera 
490 0 |a Colección popular: tiempo presente, 37 
999 |c 221541  |d 221539 
952 |0 0  |1 0  |4 0  |6 338_900000000000000_BAR_1966  |7 0  |8 A  |9 214989  |a BIBHIS  |b BIBHIS  |d 2019-11-15  |i 2835525  |o 338.9 BAR 1966  |p 2835525  |r 2025-01-20  |w 2019-11-15  |y BK  |k HIS